| 000 | 00443cam a2200181ua 4500 | ||
|---|---|---|---|
| 001 | 1772 | ||
| 008 | 110811n ii |||gr||||Z||||||eng | ||
| 040 | _cMAIN | ||
| 082 | _a370 | ||
| 100 | _aTalukder, Birendra Kr., | ||
| 245 | 1 |
_aShiksha prabesh _cby Birendra Kr. Talukder |
|
| 250 | _a7th. | ||
| 260 |
_aGuahati: _bBina Library,997. |
||
| 300 |
_aviii; 125p: _bill; _c23cm. |
||
| 653 | _aEducation | ||
| 653 | _aShiksha prabesh | ||
| 942 | _cBK | ||
| 999 |
_c1656 _d1656 |
||